Statistics for Guess all Aquatic Animals

Click here to take the quiz!

General Stats

  • This quiz has been taken 20 times
  • The average score is 13 of 65

Answer Stats

Answer% Correct
Blue Whale
69%
Clown Fish
69%
Great White Shark
56%
Hammerhead Shark
56%
Octopus
50%
Salmon
50%
Seal
50%
Dolphin
44%
Eel
44%
Lobster
44%
Starfish
44%
Humpback Whale
38%
Manatee
38%
Sperm Whale
38%
Squid
38%
Tiger Shark
38%
Tuna
38%
Whale Shark
38%
Beluga Whale
31%
Jellyfish
31%
Seahorse
31%
Sea Turtle
31%
Mackerel
25%
Shrimp
25%
Sword Fish
25%
Walrus
25%
Angel Fish
19%
Angler Fish
19%
Bass
19%
Giant squid
19%
Nurse Shark
19%
Sting Ray
19%
Trout
19%
Blue Crab
13%
Bull Shark
13%
Goblin Shark
13%
King Crab
13%
Marlin
13%
Narwal
13%
Snow Crab
13%
Basking Shark
6%
Crayfish
6%
Fin Whale
6%
Flounder
6%
Oysters
6%
Sand Tiger Shark
6%
Zebra Shark
6%
BlackNose Shark
0%
Blue Fish
0%
Blue Shark
0%
Caribbean reef shark
0%
Carpet Shark
0%
Colossal squid
0%
Dungeness Crab
0%
Dusky Shark
0%
Gray Whale
0%
Great Hammerhead Shark
0%
Halibut
0%
Jonah Crab
0%
Orca Whale
0%
Silky Shark
0%
Smooth Hammerhead Shark
0%
Spiny Dogfish
0%
Whitefish
0%
Winghead Shark
0%

Score Distribution

Percentile by Number Answered

Percent of People with Each Score

Your Score History

You have not taken this quiz